MARC

LEADER 00000nam0a2200000 4500
001 333306
005 20231102004537.0
035 |a (RuTPU)RU\TPU\book\359301 
090 |a 333306 
100 |a 20170609d1967 km y0rusy50 ca 
101 1 |a rus  |c eng 
102 |a RU 
105 |a a z 001zy 
200 1 |a Биология клетки  |e пер. с англ.  |f Э. Робертис, В. Новинский, Ф. Саэс 
210 |a Москва  |c Мир  |d 1967 
215 |a 474 с.  |c ил. 
320 |a Библиография в конце глав 
320 |a Предметный указатель: с. 445-464 
606 |a Цитология  |2 stltpush  |3 (RuTPU)RU\TPU\subj\71094  |9 85151 
610 1 |a история 
610 1 |a клетка 
610 1 |a строение 
610 1 |a химический состав 
610 1 |a метаболизм 
610 1 |a биологические структуры 
610 1 |a исследование 
610 1 |a биологические системы 
610 1 |a плазматические мембраны 
610 1 |a цитоплазматический матрикс 
610 1 |a рибосомы 
610 1 |a вакуолярная система 
610 1 |a цитоплазма 
610 1 |a микросомы 
610 1 |a митохондрии 
610 1 |a хлоропласты 
610 1 |a митоз 
610 1 |a мейоз 
610 1 |a цитогенетика 
610 1 |a человек 
610 1 |a ДНК 
610 1 |a редупликация 
610 1 |a клеточные популяции 
610 1 |a старение 
610 1 |a фагоцитоз 
610 1 |a пиноцитоз 
610 1 |a лизосомы 
610 1 |a нервное возбуждение 
610 1 |a секретирующая клетка 
675 |a 576.3  |v 4 
700 1 |a Робертис  |b Э. 
701 1 |a Новинский  |b В. 
701 1 |a Саэс  |b Ф. 
801 1 |a RU  |b 63413507  |c 20170609 
801 2 |a RU  |b 63413507  |c 20170626  |g RCR 
942 |c BK